000
00313nam a22001457a 4500
008
210322b ||||| |||| 00| 0 eng d
020
_a
9789380378992
041
_a
eng
080
_2
2nd
_a
611
082
_a
611
100
_a
6
101
_a
ANA
245
_a
Atlas of Anatomy
_c
Gilroy, A. M
942
_2
udc
_c
BK
999
_c
56625
_d
56625